000 00330nam a2200133Ia 4500
005 20260326100036.0
008 260326s9999||||xx |||||||||||||| ||und||
100 _ade Mesa, José
245 0 _aEscultura virreinal en Bolivia /
_cJosé de Mesa
260 _bArte grafica Burillo
300 _a489 p.
650 _aARTE
942 _cBK
999 _c6827
_d6827